[Event "CRO-chT3 West"]
[Site "Croatia"]
[Date "2020.10.11"]
[Round "5.3"]
[White "Piacun, Eduard"]
[Black "Konic, Zlatko"]
[Result "1/2-1/2"]
[WhiteElo "1940"]
[BlackElo "2069"]
[PlyCount "54"]
[EventDate "2020.09.12"]
[EventType "team-tourn"]
[EventRounds "9"]
[EventCountry "CRO"]
[SourceTitle "EXT 2022"]
[Source "ChessBase"]
[SourceDate "2021.10.06"]
[SourceVersion "1"]
[SourceVersionDate "2021.10.06"]
[SourceQuality "1"]
[WhiteTeam "Kastav"]
[BlackTeam "Pula II"]
[WhiteTeamCountry "CRO"]
[BlackTeamCountry "CRO"]

1. Nf3 d5 2. b3 c5 3. e3 Nf6 4. Bb2 e6 5. d4 Bd6 6. dxc5 Bxc5 7. Be2 0-0 8. 0-0 Nc6 9. c4 dxc4 10. Qxd8 Rxd8 11. Bxc4 b6 12. Nc3 Bb7 13. Rfd1 Be7 14. Be2 Rac8 15. Rxd8+ Rxd8 16. Rd1 Rxd1+ 17. Bxd1 Kf8 18. Kf1 h6 19. Bc2 Nb4 20. Bb1 g5 21. a3 Ba6+ 22. Ke1 Nd3+ 23. Bxd3 Bxd3 24. Ne5 Bc2 25. b4 Bb3 26. Nc6 a6 27. Nxe7 Kxe7 1/2-1/2